Fundamentals of company law : (Record no. 1637)
[ view plain ]
| 000 -LEADER | |
|---|---|
| fixed length control field | 00580nam a22001937a 4500 |
| 001 - CONTROL NUMBER | |
| control field | 12971 |
| 003 - CONTROL NUMBER IDENTIFIER | |
| control field | BD-DhUAP |
| 005 - DATE AND TIME OF LATEST TRANSACTION | |
| control field | 20200211122538.0 |
| 008 - FIXED-LENGTH DATA ELEMENTS--GENERAL INFORMATION | |
| fixed length control field | 200211s2009 bg ||||| |||| 00| 0 eng d |
| 020 ## - INTERNATIONAL STANDARD BOOK NUMBER | |
| International Standard Book Number | 9843000027858 |
| 040 ## - CATALOGING SOURCE | |
| Original cataloging agency | BD-DhUAP |
| Language of cataloging | Eng |
| Transcribing agency | BD-DhUAP |
| Modifying agency | BD-DhUAP |
| 082 ## - DEWEY DECIMAL CLASSIFICATION NUMBER | |
| Edition number | 23 |
| Classification number | 346.5492066 KHA |
| 100 ## - MAIN ENTRY--PERSONAL NAME | |
| Personal name | Khan, Md. Al-Imran. |
| 245 ## - TITLE STATEMENT | |
| Title | Fundamentals of company law : |
| Remainder of title | up-to-date amendment / |
| Statement of responsibility, etc. | Md. Al-Imran Khan. |
| 260 ## - PUBLICATION, DISTRIBUTION, ETC. | |
| Place of publication, distribution, etc. | Dhaka : |
| Name of publisher, distributor, etc. | University publications, |
| Date of publication, distribution, etc. | c2009. |
| 300 ## - PHYSICAL DESCRIPTION | |
| Extent | 437 pages ; |
| Other physical details | 22 cm. |
| 650 ## - SUBJECT ADDED ENTRY--TOPICAL TERM | |
| Topical term or geographic name entry element | Corporation law |
| Geographic subdivision | Bangladesh. |
| 942 ## - ADDED ENTRY ELEMENTS (KOHA) | |
| Source of classification or shelving scheme | |
| Koha item type | Book |
| Withdrawn status | Lost status | Source of classification or shelving scheme | Damaged status | Not for loan | Permanent Location | Current Location | Shelving location | Date acquired | Total Checkouts | Total Renewals | Full call number | Barcode | Date last seen | Date last checked out | Copy number | Price effective from | Koha item type | Date due |
|---|---|---|---|---|---|---|---|---|---|---|---|---|---|---|---|---|---|---|
| UAP Central Library | UAP Central Library | General Stacks | 2020-02-11 | 9 | 3 | 346.5492066 KHA | 3010012971 | 2025-11-18 | 2025-10-20 | 1 | 2020-02-11 | Book | ||||||
| UAP Central Library | UAP Central Library | General Stacks | 2020-02-11 | 9 | 6 | 346.5492066 KHA | 3010012972 | 2025-11-03 | 2025-10-19 | 2 | 2020-02-11 | Book | ||||||
| UAP Central Library | UAP Central Library | General Stacks | 2020-02-11 | 5 | 4 | 346.5492066 KHA | 3010012970 | 2025-11-03 | 2025-09-09 | 3 | 2020-02-11 | Book | ||||||
| UAP Central Library | UAP Central Library | General Stacks | 2020-02-11 | 4 | 5 | 346.5492066 KHA | 3010012965 | 2025-11-08 | 2025-10-20 | 4 | 2020-02-11 | Book | ||||||
| UAP Central Library | UAP Central Library | General Stacks | 2020-02-11 | 4 | 4 | 346.5492066 KHA | 3010012963 | 2025-11-03 | 2025-10-21 | 5 | 2020-02-11 | Book | ||||||
| UAP Central Library | UAP Central Library | General Stacks | 2020-02-11 | 9 | 7 | 346.5492066 KHA | 3010012966 | 2025-11-18 | 2025-10-07 | 6 | 2020-02-11 | Book | ||||||
| UAP Central Library | UAP Central Library | General Stacks | 2020-03-10 | 11 | 9 | 346.5492066 KHA | 3010012967 | 2025-11-03 | 2025-10-22 | 7 | 2020-03-10 | Book | ||||||
| UAP Central Library | UAP Central Library | General Stacks | 2020-03-10 | 13 | 14 | 346.5492066 KHA | 3010012964 | 2026-04-21 | 2026-04-21 | 8 | 2020-03-10 | Book | 2026-05-19 | |||||
| UAP Central Library | UAP Central Library | General Stacks | 2020-03-10 | 2 | 346.5492066 KHA | 3010012968 | 2025-08-23 | 2025-08-14 | 9 | 2020-03-10 | Book | |||||||
| UAP Central Library | UAP Central Library | General Stacks | 2022-05-31 | 4 | 7 | 346.5492066 KHA | 3010012969 | 2025-11-18 | 2025-10-29 | 10 | 2022-05-31 | Book |
Bengali Keyboard